000
00216nam a2200097Ia 4500
008
190216s9999||||xx |||||||||||||| ||und||
100
_a
Null
245
0
_a
Hindi-Manav Chalo Gaya
260
_b
Nbs Kottayam
942
_c
BK
999
_c
17876
_d
17876